Law of Witnesses : (Record no. 9604)

MARC details
000 -LEADER
fixed length control field 00498nam a22001817a 4500
005 - DATE AND TIME OF LATEST TRANSACTION
control field 20260406123630.0
008 - FIXED-LENGTH DATA ELEMENTS--GENERAL INFORMATION
fixed length control field 260406b |||||||| |||| 00| 0 eng d
020 ## - INTERNATIONAL STANDARD BOOK NUMBER
International Standard Book Number 9789385114021
041 ## - LANGUAGE CODE
Language English
082 ## - DEWEY DECIMAL CLASSIFICATION NUMBER
Classification number 345.06 ATR
100 ## - MAIN ENTRY--PERSONAL NAME
Main Author Name Atrey, Abhishek
245 ## - TITLE STATEMENT
Title Law of Witnesses :
Sub title Role of Witnesses in Criminal Justice System : A Need to Reform
250 ## - EDITION STATEMENT
Edition 1st
260 ## - PUBLICATION, DISTRIBUTION, ETC.
Place of publication New Delhi:
publisher Name Kamal Publishers,
Date of publication 1015.
300 ## - PHYSICAL DESCRIPTION
Number Of Page 452 p
650 ## - SUBJECT ADDED ENTRY--TOPICAL TERM
Subject Law of Witnesses
942 ## - ADDED ENTRY ELEMENTS (KOHA)
Koha item type Donated Book
Holdings
Lost status Source of classification or shelving scheme Not for loan Home library Current library Date last seen Koha item type School Total Checkouts Full call number Barcode Copy number Price effective from Withdrawn status Date acquired Source of acquisition Cost, normal purchase price
  Dewey Decimal Classification   BSOL BSOL 06/04/2026 Donated Book School of Law   345.06 ATR G752 1 06/04/2026   06/04/2026 prithivi Raj 395.00

Maintained and Designed by
2cqr automation private limited, Chennai. All Rights Reserved.

You are Visitor Number

PHP Hits Count